| 000 | 00771nam a22002417a 4500 | ||
|---|---|---|---|
| 001 | 25473 | ||
| 005 | 20260424171849.0 | ||
| 008 | 260417b |||||||| |||| 00| 0 spa d | ||
| 020 | _a9786125136152 | ||
| 082 |
_a869.03 _bC14 |
||
| 100 |
_aCáceres Cuadros, Tito _eAUT |
||
| 245 |
_aAntología del cuento hispanoamericano : _b(selección, estudio preliminar y notas) |
||
| 250 | _aPrimera edición | ||
| 260 |
_aArequipa : _bEditorial UNSA, _c2024 |
||
| 300 |
_a255 páginas : _c21 cm. |
||
| 440 | _a ; | ||
| 650 | _aLEN | ||
| 653 | _aLiteratura latinoamericana; Cuento latinoamericano - Siglo XX | ||
| 654 | _aCTP | ||
| 700 | _a; | ||
| 856 |
_uhttps://itmsp.museknowledge.com/UCSP?groupID=2 _zVéase además: Biblioteca Digital |
||
| 942 |
_cLIB _dJUS _fMAT _n0 _2ddc |
||
| 999 |
_c25473 _d25473 |
||